000 00261nam a2200097Ia 4500
001 904364
005 20250826184930.0
008 250824s9999 xx 000 0 und d
245 0 _aDİVAN-I KEBİR
_cABDÜLBAKİ GÖLPINARLI
260 _bKÜLTÜR BAKANLIĞI YAYINLARI
999 _c904364
_d904364